[Event "I Memorial Oliver Gonzalez Somoza"]
[Site "Madrid ESP"]
[Date "2010.10.15"]
[Round "7.24"]
[White "Paredes Sanchez, Juan"]
[Black "Martin Duque, Jesus"]
[Result "0-1"]
[WhiteElo "2206"]
[BlackElo "2073"]
[PlyCount "114"]
[EventDate "2010.10.09"]
[EventType "swiss"]
[EventRounds "9"]
[EventCountry "ESP"]
[Source "lmi"]
[SourceDate "2010.10.09"]

1. e4 e6 2. d4 d5 3. Nc3 Bb4 4. exd5 exd5 5. Bd3 c6 6. Qf3 Nf6 7. Bg5 O-O 8.
Nge2 Na6 9. O-O Nc7 10. Ng3 Ne6 11. Bxf6 Qxf6 12. Qxf6 gxf6 13. Nce2 Ng7 14.
Nf4 f5 15. Nfh5 Nxh5 16. Nxh5 Be6 17. f4 Be7 18. Rae1 Bd8 19. Ng3 Bh4 20. c3
Bxg3 21. hxg3 Kg7 22. g4 fxg4 23. f5 Bd7 24. Re7 Rad8 25. f6+ Kh6 26. Kf2 Be6
27. Kg3 Kg5 28. Rxb7 h5 29. Rxa7 Ra8 30. Rxa8 Rxa8 31. a3 Rb8 32. Rb1 h4+ 33.
Kf2 Kxf6 34. b4 Kg5 35. a4 g3+ 36. Kg1 f5 37. Re1 Kf6 38. a5 f4 39. Rf1 Kg5 40.
Re1 Kf6 41. Rf1 Kg5 42. Re1 Bg4 43. Re7 f3 44. Rg7+ Kf4 45. gxf3 Bxf3 46. Rh7
Ke3 47. Ba6 Kd2 48. Rxh4 Re8 49. Rf4 Re1+ 50. Bf1 Ke3 51. Rf7 g2 52. Re7+ Be4
53. Rxe4+ dxe4 54. Kxg2 Kd2 55. c4 e3 56. b5 cxb5 57. cxb5 Rxf1 0-1

[Event "I Memorial Oliver Gonzalez Somoza"]
[Site "Madrid ESP"]
[Date "2010.10.15"]
[Round "7.25"]
[White "Julian Serra, Rogelio"]
[Black "Bandres Carballo, Julio"]
[Result "1-0"]
[WhiteElo "2064"]
[BlackElo "2201"]
[PlyCount "57"]
[EventDate "2010.10.09"]
[EventType "swiss"]
[EventRounds "9"]
[EventCountry "ESP"]
[Source "lmi"]
[SourceDate "2010.10.09"]

1. Nf3 d5 2. g3 c5 3. c4 d4 4. d3 Nc6 5. Bg2 e5 6. O-O Be7 7. a3 Nf6 8. b4 cxb4
9. axb4 Bxb4 10. Nxe5 Nxe5 11. Qa4+ Nc6 12. Bxc6+ bxc6 13. Qxb4 Bh3 14. Re1 Qc7
15. Bf4 Qe7 16. Bd6 Qd7 17. Nd2 h5 18. Nf3 a5 19. Ne5 Qe6 20. Qc5 Qc8 21. Reb1
Nd7 22. Qxd4 Nxe5 23. Qxe5+ Qe6 24. Qxg7 O-O-O 25. c5 Rhg8 26. Rb8+ Kd7 27.
Rb7+ Kc8 28. Rc7+ Kb8 29. Qb2+ 1-0

[Event "I Memorial Oliver Gonzalez Somoza"]
[Site "Madrid ESP"]
[Date "2010.10.15"]
[Round "7.26"]
[White "Cabañas Bravo, Juan Andres"]
[Black "Gonzalez Tedin, Antonio"]
[Result "1/2-1/2"]
[WhiteElo "2049"]
[BlackElo "2156"]
[PlyCount "92"]
[EventDate "2010.10.09"]
[EventType "swiss"]
[EventRounds "9"]
[EventCountry "ESP"]
[Source "lmi"]
[SourceDate "2010.10.09"]

1. e4 e6 2. d4 d5 3. Nc3 Nf6 4. Bg5 Be7 5. e5 Nfd7 6. h4 a6 7. Qg4 h5 8. Qg3 g6
9. f4 c5 10. Nf3 Nc6 11. O-O-O b5 12. dxc5 Nxc5 13. Bd3 Bd7 14. Bxe7 Qxe7 15.
Ng5 O-O-O 16. Kb1 Kb8 17. Qf2 Be8 18. Rh3 Na7 19. a3 Rc8 20. Be2 Qb7 21. Na2
Rc7 22. Rc3 Na4 23. Rxc7 Qxc7 24. Nb4 Kb7 25. Bf3 Bc6 26. Qe3 Rc8 27. b3 Nb6
28. Qc5 Be8 29. Qxc7+ Rxc7 30. Kb2 Nac8 31. g4 hxg4 32. Bxg4 Ne7 33. Rh1 Nbc8
34. Bxe6 fxe6 35. Nxe6 a5 36. Nxc7 Kxc7 37. Nd3 Kc6 38. Kc3 Nb6 39. Nf2 Nf5 40.
Kd2 Nd7 41. Ng4 Nc5 42. b4 Ne4+ 43. Kd3 a4 44. Rh2 Neg3 45. Nf6 Bf7 46. c3 Kc7
1/2-1/2

[Event "I Memorial Oliver Gonzalez Somoza"]
[Site "Madrid ESP"]
[Date "2010.10.15"]
[Round "7.27"]
[White "Perez De Aranda A., Leonardo I"]
[Black "Lopez Heras, Arturo"]
[Result "1-0"]
[WhiteElo "2148"]
[BlackElo "2013"]
[PlyCount "79"]
[EventDate "2010.10.09"]
[EventType "swiss"]
[EventRounds "9"]
[EventCountry "ESP"]
[Source "lmi"]
[SourceDate "2010.10.09"]

1. e4 e5 2. Nf3 Nc6 3. Bc4 Bc5 4. c3 Nf6 5. d4 exd4 6. cxd4 Bb4+ 7. Bd2 O-O 8.
e5 d5 9. Bxb4 Nxb4 10. Bb3 Ne4 11. O-O Bg4 12. Nc3 c6 13. a3 Na6 14. Ne2 Bxf3
15. gxf3 Ng5 16. Qd3 Qd7 17. Bc2 g6 18. h4 Ne6 19. Qe3 Nac7 20. Kg2 Ng7 21. Ng3
f5 22. f4 h5 23. Kh3 Rae8 24. Rg1 Kh7 25. Ne2 Qf7 26. Rg2 Nge6 27. Ng1 Rg8 28.
Nf3 Rg7 29. Rag1 Reg8 30. Nd2 Qe7 31. Nf3 b6 32. b4 c5 33. bxc5 bxc5 34. dxc5
d4 35. Qe2 Nd5 36. Ng5+ Nxg5+ 37. Rxg5 Qxc5 38. R1g3 Nc3 39. Bxf5 Qc6 40. Rxh5#
1-0

[Event "I Memorial Oliver Gonzalez Somoza"]
[Site "Madrid ESP"]
[Date "2010.10.15"]
[Round "7.28"]
[White "Labarta Gonzalez-Vallarino, Ivan"]
[Black "Avendaño Mateos, Jose"]
[Result "1-0"]
[WhiteElo "2129"]
[BlackElo "1992"]
[PlyCount "79"]
[EventDate "2010.10.09"]
[EventType "swiss"]
[EventRounds "9"]
[EventCountry "ESP"]
[Source "lmi"]
[SourceDate "2010.10.09"]

1. d4 d5 2. c4 c6 3. Nc3 e6 4. cxd5 exd5 5. Qc2 Bd6 6. Nf3 Ne7 7. Bg5 f6 8. Bh4
Bf5 9. Qd2 O-O 10. e3 a5 11. Bd3 Na6 12. O-O Bg4 13. a3 Ng6 14. Qc2 Qe8 15. Bg3
Bxg3 16. hxg3 Bxf3 17. gxf3 Qf7 18. Bf5 Kh8 19. Kg2 Ne7 20. Bd3 f5 21. Rh1 h6
22. Ne2 Nc7 23. f4 Ne8 24. Ng1 h5 25. Nf3 g6 26. Ng5 Qf6 27. Rh4 Nd6 28. Rah1
Kg8 29. f3 Nf7 30. Nxf7 Kxf7 31. Qc5 Rfb8 32. g4 b6 33. Qc2 fxg4 34. fxg4 hxg4
35. Rh7+ Ke6 36. Bxg6 Kd6 37. R1h6 Kc7 38. Rxe7+ Qxe7 39. Rh7 Re8 40. Bxe8 1-0

[Event "I Memorial Oliver Gonzalez Somoza"]
[Site "Madrid ESP"]
[Date "2010.10.15"]
[Round "7.29"]
[White "Alonso Garuti, Luis E"]
[Black "Ramos Aldoradin, John Paul"]
[Result "1/2-1/2"]
[WhiteElo "1957"]
[BlackElo "2126"]
[PlyCount "57"]
[EventDate "2010.10.09"]
[EventType "swiss"]
[EventRounds "9"]
[EventCountry "ESP"]
[Source "lmi"]
[SourceDate "2010.10.09"]

1. e4 e6 2. d4 d5 3. Nc3 Nf6 4. e5 Nfd7 5. Bd3 c5 6. f4 cxd4 7. Nb5 Nc6 8. Nf3
Nc5 9. Nbxd4 Nxd3+ 10. Qxd3 Bd7 11. c3 Nxd4 12. Nxd4 Bc5 13. Be3 Bxd4 14. Bxd4
Qc7 15. Qe3 b6 16. Kf2 Bb5 17. b3 Rb8 18. Qg3 Rg8 19. Qe3 Bd7 20. Qd3 a5 21.
Qxh7 Ke7 22. Qh4+ Ke8 23. Qh7 Ke7 24. Qh4+ Ke8 25. Qh7 Kf8 26. Qh3 Bb5 27. Rhe1
Ke7 28. Rad1 Rh8 29. Qg3 1/2-1/2

[Event "I Memorial Oliver Gonzalez Somoza"]
[Site "Madrid ESP"]
[Date "2010.10.15"]
[Round "7.30"]
[White "Blanco Sanchez, Jose Fernando"]
[Black "Bolea Jover, Jose"]
[Result "0-1"]
[WhiteElo "2123"]
[BlackElo "1909"]
[PlyCount "100"]
[EventDate "2010.10.09"]
[EventType "swiss"]
[EventRounds "9"]
[EventCountry "ESP"]
[Source "lmi"]
[SourceDate "2010.10.09"]

1. g3 d5 2. Bg2 c6 3. b3 Nf6 4. Bb2 g6 5. Bxf6 exf6 6. d4 Bg7 7. Nf3 O-O 8. O-O
Bg4 9. Nbd2 Re8 10. h3 Bxf3 11. Nxf3 f5 12. Qd2 Nd7 13. c3 Nf6 14. Qc2 Ne4 15.
Nd2 Qe7 16. e3 Bh6 17. Nxe4 fxe4 18. h4 Rac8 19. c4 Qd6 20. c5 Qf6 21. b4 g5
22. hxg5 Bxg5 23. Bh3 Rc7 24. Qe2 Qg6 25. Kg2 h5 26. Rh1 Kg7 27. Kf1 Rh8 28.
Ke1 Qf6 29. Kd1 h4 30. g4 b6 31. Kc2 bxc5 32. bxc5 Rb8 33. Rab1 Rcb7 34. Rxb7
Rxb7 35. Rb1 Rxb1 36. Kxb1 Qe7 37. Kc2 Qc7 38. Kd2 Qa5+ 39. Kd1 Qc3 40. Qd2
Qa1+ 41. Qc1 Qxa2 42. Qc2 Qa3 43. Qc1 Qb3+ 44. Ke1 a5 45. Qd1 Qa3 46. Bf1 a4
47. Be2 h3 48. Kf1 Bxe3 49. g5 Bxg5 50. Bh5 Qc1 0-1

[Event "I Memorial Oliver Gonzalez Somoza"]
[Site "Madrid ESP"]
[Date "2010.10.15"]
[Round "7.31"]
[White "Nieto De La Cruz, Julio"]
[Black "Cuadrado Lopez, Francisco Javier"]
[Result "1-0"]
[WhiteElo "2147"]
[BlackElo "1971"]
[PlyCount "77"]
[EventDate "2010.10.09"]
[EventType "swiss"]
[EventRounds "9"]
[EventCountry "ESP"]
[Source "lmi"]
[SourceDate "2010.10.09"]

1. d4 Nf6 2. c4 c5 3. d5 b5 4. cxb5 a6 5. Nc3 g6 6. e4 d6 7. Nf3 Bg7 8. Rb1 O-O
9. a4 axb5 10. axb5 Nbd7 11. h3 Nb6 12. Bd3 Qc7 13. O-O Bd7 14. Bg5 h6 15. Bf4
e5 16. dxe6 Bxe6 17. Qc1 g5 18. e5 Nfd5 19. exd6 Qd8 20. Bh2 c4 21. Be2 f5 22.
Rd1 Nxc3 23. bxc3 f4 24. Rb4 Qd7 25. h4 Bf6 26. Nd2 Qf7 27. Ne4 Rfd8 28. hxg5
hxg5 29. g3 Nd5 30. Rxc4 Ra2 31. Bf1 Kg7 32. gxf4 Rh8 33. Bg2 Be5 34. Rxd5 Qh5
35. Rc7+ Kg6 36. f5+ Bxf5 37. Bxe5 Rg8 38. Bd4 Qg4 39. Nf6 1-0

[Event "I Memorial Oliver Gonzalez Somoza"]
[Site "Madrid ESP"]
[Date "2010.10.15"]
[Round "7.32"]
[White "Madurga Lopez, Ignacio"]
[Black "Pastor Alonso De Prado, Emilio A"]
[Result "0-1"]
[WhiteElo "2010"]
[BlackElo "2199"]
[PlyCount "36"]
[EventDate "2010.10.09"]
[EventType "swiss"]
[EventRounds "9"]
[EventCountry "ESP"]
[Source "lmi"]
[SourceDate "2010.10.09"]

1. e4 e5 2. Nf3 Nc6 3. Bc4 Be7 4. d4 exd4 5. Nxd4 d6 6. O-O Nf6 7. Nc3 O-O 8.
Re1 Nxd4 9. Qxd4 c6 10. Bf4 Ne8 11. Rad1 Be6 12. Bb3 Qa5 13. Nd5 cxd5 14. exd5
Bf6 15. Bd2 Qd8 16. Qb4 Bc8 17. Ba4 Bd7 18. Bb3 a5 0-1

[Event "I Memorial Oliver Gonzalez Somoza"]
[Site "Madrid ESP"]
[Date "2010.10.15"]
[Round "7.33"]
[White "Sanchez Millan, Eduardo"]
[Black "Vazquez Torres, Adrian"]
[Result "0-1"]
[WhiteElo "2000"]
[BlackElo "2160"]
[PlyCount "136"]
[EventDate "2010.10.09"]
[EventType "swiss"]
[EventRounds "9"]
[EventCountry "ESP"]
[Source "lmi"]
[SourceDate "2010.10.09"]

1. d4 Nf6 2. c4 e5 3. dxe5 Ne4 4. a3 Nc6 5. Nf3 d6 6. Nbd2 Nxd2 7. Bxd2 dxe5 8.
Bc3 f6 9. Qc2 Be6 10. e3 Qd7 11. Rd1 Qf7 12. Bd3 O-O-O 13. Qa4 Rxd3 14. Rxd3 e4
15. Rd2 exf3 16. gxf3 Bxc4 17. Rg1 Bc5 18. Qc2 Bb6 19. Qf5+ Kb8 20. Rd7 Qe8 21.
Rdxg7 Bxe3 22. Qe4 Bh6 23. Bxf6 Bxg7 24. Rxg7 Bd5 25. Qxe8+ Rxe8+ 26. Kd2 Bxf3
27. Rxh7 a5 28. Rh8 Rxh8 29. Bxh8 Kc8 30. Ke3 Bh5 31. Kf4 Kd7 32. Kg5 Bf3 33.
h4 Ke6 34. Kf4 Bd1 35. Ke4 Bc2+ 36. Kf4 Bd1 37. Ke4 Ne7 38. Bc3 a4 39. Bd2 Nd5
40. Bg5 c5 41. Bh6 Bc2+ 42. Kf3 Kf5 43. Bg7 Bd1+ 44. Kg3 Nf4 45. Bf8 Nd3 46.
Bg7 b5 47. f3 b4 48. axb4 cxb4 49. Bd4 Ne5 50. h5 Nxf3 51. h6 Kg6 52. Bg7 Ng5
53. Kf2 Ne6 54. Be5 Kxh6 55. Ke1 Bf3 56. Kd2 b3 57. Ke3 Bd5 58. Bd6 Kg6 59. Be5
Kf5 60. Bd6 Be4 61. Ba3 Ke5 62. Bb4 Kd5 63. Bc3 Bg6 64. Bf6 Kc4 65. Be5 Nc5 66.
Bg7 Ne4 67. Bf8 Nc3 68. Kd2 a3 0-1

[Event "I Memorial Oliver Gonzalez Somoza"]
[Site "Madrid ESP"]
[Date "2010.10.15"]
[Round "7.34"]
[White "Rodriguez Dorado, Victor Manuel"]
[Black "Cabañas Jimenez, Manuel"]
[Result "1/2-1/2"]
[WhiteElo "1923"]
[BlackElo "2141"]
[PlyCount "72"]
[EventDate "2010.10.09"]
[EventType "swiss"]
[EventRounds "9"]
[EventCountry "ESP"]
[Source "lmi"]
[SourceDate "2010.10.09"]

1. Nf3 Nf6 2. c4 g6 3. Nc3 d5 4. e3 Bg7 5. cxd5 Nxd5 6. Qb3 Nb6 7. Be2 a5 8. h4
Be6 9. Qc2 Na6 10. h5 Nb4 11. Qb1 Bc4 12. d4 Bxe2 13. Kxe2 Qd7 14. a3 N4d5 15.
e4 Nxc3+ 16. bxc3 Qa4 17. Qd3 O-O-O 18. h6 Bf8 19. Ne5 Qe8 20. Rb1 f6 21. Nc4
Nxc4 22. Qxc4 Qc6 23. Qxc6 bxc6 24. Bf4 e6 25. e5 f5 26. Bg5 Rd5 27. Bf6 Rg8
28. a4 c5 29. Rb5 cxd4 30. Rxd5 exd5 31. cxd4 Kd7 32. Kd3 Bb4 33. g4 fxg4 34.
Rg1 Rb8 35. Rxg4 Bf8 36. Rxg6 hxg6 1/2-1/2

[Event "I Memorial Oliver Gonzalez Somoza"]
[Site "Madrid ESP"]
[Date "2010.10.15"]
[Round "7.35"]
[White "Mansilla Tolosa, Luis E"]
[Black "Garcia Martin, Juan Manuel"]
[Result "1-0"]
[WhiteElo "2107"]
[BlackElo "2009"]
[PlyCount "81"]
[EventDate "2010.10.09"]
[EventType "swiss"]
[EventRounds "9"]
[EventCountry "ESP"]
[Source "lmi"]
[SourceDate "2010.10.09"]

1. d4 Nf6 2. c4 e5 3. d5 Bb4+ 4. Bd2 Bxd2+ 5. Qxd2 d6 6. g3 Bf5 7. Nc3 Ne4 8.
Nxe4 Bxe4 9. Nf3 Nd7 10. Bg2 Nf6 11. O-O O-O 12. Qb4 b6 13. Ne1 Bxg2 14. Kxg2
Qd7 15. Nd3 Qf5 16. f3 e4 17. Nf2 exf3+ 18. exf3 Rfe8 19. Rfe1 Qd7 20. Nd3 Rxe1
21. Rxe1 Re8 22. b3 Kf8 23. Qd2 Rxe1 24. Nxe1 a5 25. Nc2 Qe7 26. Nd4 Nd7 27.
Nc6 Qe8 28. Kf2 Nb8 29. Nd4 Qe5 30. Nb5 Na6 31. a3 Qa1 32. Qg5 Qb2+ 33. Kg1 f6
34. Qf5 Qc1+ 35. Kg2 Qd2+ 36. Kh3 Qh6+ 37. Kg4 Qxh2 38. Qc8+ Kf7 39. Qe6+ Kg6
40. Qe8+ Kh6 41. Nd4 1-0

[Event "I Memorial Oliver Gonzalez Somoza"]
[Site "Madrid ESP"]
[Date "2010.10.15"]
[Round "7.36"]
[White "Lopez De Turiso Sanchez, Jose A"]
[Black "Baeza Escudero, Javier"]
[Result "0-1"]
[WhiteElo "2097"]
[BlackElo "1986"]
[PlyCount "48"]
[EventDate "2010.10.09"]
[EventType "swiss"]
[EventRounds "9"]
[EventCountry "ESP"]
[Source "lmi"]
[SourceDate "2010.10.09"]

1. e4 e5 2. Bc4 Nc6 3. d3 Nf6 4. Nc3 d6 5. a3 Be7 6. f4 exf4 7. Bxf4 Be6 8.
Bxe6 fxe6 9. Nf3 Nh5 10. Be3 O-O 11. Qd2 Bh4+ 12. Nxh4 Qxh4+ 13. g3 Qg4 14. Ne2
d5 15. exd5 exd5 16. O-O-O Rae8 17. Nf4 d4 18. h3 dxe3 19. Qc3 Nxf4 20. gxf4
Qxf4 21. Rdg1 e2+ 22. Kb1 Qe5 23. Qc4+ Kh8 24. h4 Nd4 0-1

[Event "I Memorial Oliver Gonzalez Somoza"]
[Site "Madrid ESP"]
[Date "2010.10.15"]
[Round "7.37"]
[White "Aziz Ortego, Omar Luis"]
[Black "Gomez Ferrer, Jesus"]
[Result "1-0"]
[WhiteElo "2080"]
[BlackElo "1942"]
[PlyCount "53"]
[EventDate "2010.10.09"]
[EventType "swiss"]
[EventRounds "9"]
[EventCountry "ESP"]
[Source "lmi"]
[SourceDate "2010.10.09"]

1. e4 c5 2. Nf3 d6 3. d4 cxd4 4. Nxd4 Nf6 5. Nc3 a6 6. Bg5 e6 7. f4 Be7 8. Qd2
Qc7 9. O-O-O Nbd7 10. g4 Nb6 11. Qe2 e5 12. Nf5 Bxf5 13. gxf5 h6 14. Bh4 O-O-O
15. Rg1 Rhg8 16. Rg3 Kb8 17. Rgd3 exf4 18. Kb1 g5 19. fxg6 fxg6 20. Bf2 g5 21.
Bd4 Nfd7 22. a4 Ne5 23. a5 Nbc4 24. Nd5 Qd7 25. Bxe5 Nxe5 26. Rb3 Nc6 27. Qxa6
1-0

[Event "I Memorial Oliver Gonzalez Somoza"]
[Site "Madrid ESP"]
[Date "2010.10.15"]
[Round "7.38"]
[White "Perez Llera, Javier"]
[Black "Camarero Izquierdo, Juan Carlos"]
[Result "0-1"]
[WhiteElo "2066"]
[BlackElo "1941"]
[PlyCount "100"]
[EventDate "2010.10.09"]
[EventType "swiss"]
[EventRounds "9"]
[EventCountry "ESP"]
[Source "lmi"]
[SourceDate "2010.10.09"]

1. Nf3 c5 2. c4 d6 3. g3 g6 4. Bg2 Bg7 5. O-O Nf6 6. d4 cxd4 7. Nxd4 Qb6 8. Nc3
O-O 9. Nb3 Bd7 10. Be3 Qc7 11. Rc1 Bc6 12. Nd5 Qd8 13. Bg5 Nxd5 14. cxd5 Ba4
15. Qc2 Na6 16. Qc4 b5 17. Qh4 f6 18. Bh6 Bxh6 19. Qxh6 Bxb3 20. axb3 b4 21.
Rc4 Qb6 22. Rc6 Qb5 23. Qe3 Rfe8 24. h4 Nc5 25. h5 Kg7 26. Rc7 Nd7 27. Qe6 Ne5
28. Rxe7+ Rxe7 29. Qxe7+ Kh6 30. hxg6 hxg6 31. Qxf6 Qxe2 32. Qf4+ Kg7 33. Rc1
Rf8 34. Rc7+ Kg8 35. Qd4 Qe1+ 36. Kh2 Rxf2 37. Rc8+ Rf8 38. Rc2 Rf5 39. Rc8+
Kh7 40. Qxa7+ Nf7 41. Rc2 Rh5+ 42. Bh3 Qf1 43. Rg2 Kh6 44. Qb8 Qf5 45. g4 Qf4+
46. Rg3 Re5 47. Bg2 Re3 48. Qf8+ Kg5 49. Kg1 Qxg3 50. Qxf7 Re1+ 0-1

[Event "I Memorial Oliver Gonzalez Somoza"]
[Site "Madrid ESP"]
[Date "2010.10.15"]
[Round "7.39"]
[White "Rodriguez Vignote, Javier"]
[Black "Garcia Ruido, Ricardo"]
[Result "1/2-1/2"]
[WhiteElo "1910"]
[BlackElo "2061"]
[PlyCount "115"]
[EventDate "2010.10.09"]
[EventType "swiss"]
[EventRounds "9"]
[EventCountry "ESP"]
[Source "lmi"]
[SourceDate "2010.10.09"]

1. d4 g6 2. Nf3 Bg7 3. c4 d6 4. Nc3 Nd7 5. e4 e5 6. Be2 Ne7 7. Be3 O-O 8. O-O
exd4 9. Nxd4 Ne5 10. f4 N5c6 11. Nxc6 bxc6 12. Bd4 Bxd4+ 13. Qxd4 c5 14. Qf6
Nc6 15. Qxd8 Rxd8 16. Nd5 Nd4 17. Rae1 c6 18. Ne7+ Kf8 19. Nxc8 Raxc8 20. Bg4
Rb8 21. Rf2 f5 22. Bd1 fxe4 23. Rxe4 Re8 24. Rxe8+ Rxe8 25. Kf1 Nf5 26. Be2
Ne3+ 27. Kg1 Re4 28. b3 d5 29. cxd5 cxd5 30. g4 c4 31. bxc4 dxc4 32. f5 gxf5
33. h3 f4 34. Rh2 c3 35. Kf2 c2 36. Rh1 Rb4 37. Bd3 Rb1 38. Rxb1 cxb1=Q 39.
Bxb1 h6 40. Kf3 Nd5 41. Be4 Nc3 42. a3 Ke7 43. Kxf4 Kf6 44. h4 Ne2+ 45. Ke3 Nc3
46. Kd3 Na4 47. Kd4 Nb6 48. Bc6 Nc8 49. Kd5 Nb6+ 50. Kc5 Ke5 51. Bf3 Kf4 52.
Bd1 Nd7+ 53. Kb5 Ne5 54. Ka6 Nc4 55. a4 Nb2 56. Be2 Nxa4 57. Kxa7 Nc3 58. g5
1/2-1/2

[Event "I Memorial Oliver Gonzalez Somoza"]
[Site "Madrid ESP"]
[Date "2010.10.15"]
[Round "7.40"]
[White "Vilarnovo Caamaño, Jose"]
[Black "Alvarez Escudero, Manuel"]
[Result "1-0"]
[WhiteElo "2059"]
[BlackElo "1884"]
[PlyCount "93"]
[EventDate "2010.10.09"]
[EventType "swiss"]
[EventRounds "9"]
[EventCountry "ESP"]
[Source "lmi"]
[SourceDate "2010.10.09"]

1. e4 g6 2. c4 e5 3. d4 Bg7 4. d5 d6 5. Nc3 f5 6. exf5 Bxf5 7. g4 Bd7 8. Bd3
Qh4 9. h3 Qe7 10. Ne4 Nf6 11. Bg5 Qf7 12. b4 O-O 13. Qc2 Na6 14. a3 Rae8 15. f3
Nxe4 16. Bxe4 Bf6 17. Bh6 Bg7 18. Bxg7 Kxg7 19. Ne2 c6 20. O-O-O cxd5 21. Rxd5
Be6 22. Rxd6 Bxc4 23. Rhd1 Bxe2 24. Qxe2 Qb3 25. Qb2 Rc8+ 26. Kb1 Qxb2+ 27.
Kxb2 Rc7 28. Re6 Nb8 29. Rxe5 Nd7 30. Re7+ Rf7 31. Rxf7+ Kxf7 32. Rc1 Rxc1 33.
Kxc1 b6 34. f4 h6 35. Kd2 Kf6 36. Bc6 Nf8 37. Ke3 g5 38. Bd5 Ng6 39. fxg5+ hxg5
40. Be4 Nf8 41. Kd4 Ne6+ 42. Kd5 Nf4+ 43. Kc6 Nxh3 44. Kb7 Nf2 45. Bc6 Nd1 46.
Kxa7 Ne3 47. Bd7 1-0

[Event "I Memorial Oliver Gonzalez Somoza"]
[Site "Madrid ESP"]
[Date "2010.10.15"]
[Round "7.41"]
[White "Collado Barbas, Laura"]
[Black "Vidaurre, Luis"]
[Result "1-0"]
[WhiteElo "2058"]
[BlackElo "1860"]
[PlyCount "90"]
[EventDate "2010.10.09"]
[EventType "swiss"]
[EventRounds "9"]
[EventCountry "ESP"]
[Source "lmi"]
[SourceDate "2010.10.09"]

1. d4 d5 2. c4 e6 3. Nc3 Nf6 4. cxd5 exd5 5. Bg5 Be7 6. e3 O-O 7. Bd3 c6 8. Qc2
h6 9. Bh4 Be6 10. Nge2 Nh5 11. Bxe7 Qxe7 12. h3 f5 13. O-O-O Nd7 14. Rdg1 g5
15. g4 Ng7 16. gxf5 Bxf5 17. h4 Bxd3 18. Qxd3 Rxf2 19. hxg5 hxg5 20. Nf4 Nf8
21. Nd1 Rf3 22. Ng6 Nxg6 23. Qxg6 Qf6 24. Qh7+ Kf7 25. Qh2 Rc8 26. Qg2 c5 27.
Nc3 cxd4 28. exd4 g4 29. Kb1 Qf5+ 30. Ka1 Rc4 31. Qxg4 Qxg4 32. Rxg4 Nf5 33.
Nxd5 Nxd4 34. Rgg1 Nc2+ 35. Kb1 Nb4 36. Nc3 Ke7 37. Rh7+ Rf7 38. Re1+ Kf8 39.
Rh3 a6 40. a3 Nc6 41. Ne4 Ra4 42. Nc5 Ra5 43. b4 Rb5 44. Ne6+ Kg8 45. Rg1+ Rg5
1-0

[Event "I Memorial Oliver Gonzalez Somoza"]
[Site "Madrid ESP"]
[Date "2010.10.15"]
[Round "7.42"]
[White "Cerrato Torrijos, Maria"]
[Black "Sierra Soria, Maria"]
[Result "1-0"]
[WhiteElo "2055"]
[BlackElo "1743"]
[PlyCount "55"]
[EventDate "2010.10.09"]
[EventType "swiss"]
[EventRounds "9"]
[EventCountry "ESP"]
[Source "lmi"]
[SourceDate "2010.10.09"]

1. e4 c5 2. Nc3 d6 3. Nf3 a6 4. d4 cxd4 5. Nxd4 Nf6 6. h3 e5 7. Nde2 Be6 8. g4
Be7 9. Bg2 Nc6 10. Be3 O-O 11. O-O Rc8 12. Nd5 Bxd5 13. exd5 Na5 14. b3 b5 15.
Ng3 Nd7 16. Qd2 g6 17. a4 Nb7 18. axb5 axb5 19. Qe2 b4 20. Qb5 Nbc5 21. Qxb4
Ra8 22. Qb5 Qc7 23. Qc6 Qxc6 24. dxc6 Nb6 25. b4 Nca4 26. c7 Rac8 27. Bc6 f5
28. Bh6 1-0

[Event "I Memorial Oliver Gonzalez Somoza"]
[Site "Madrid ESP"]
[Date "2010.10.15"]
[Round "7.43"]
[White "Pablos Tenrero, Raquel"]
[Black "Garcia Galeote, Lorenzo"]
[Result "1-0"]
[WhiteElo "1884"]
[BlackElo "2040"]
[PlyCount "63"]
[EventDate "2010.10.09"]
[EventType "swiss"]
[EventRounds "9"]
[EventCountry "ESP"]
[Source "lmi"]
[SourceDate "2010.10.09"]

1. e4 g6 2. d4 Bg7 3. Nf3 d6 4. c3 a6 5. Bd3 Nd7 6. O-O e6 7. Bg5 Ne7 8. Nbd2
h6 9. Be3 O-O 10. Re1 b6 11. Nf1 Bb7 12. Qd2 Kh7 13. Ng3 Nf6 14. h4 Ng4 15. h5
Kg8 16. Nh2 Nxe3 17. Qxe3 f5 18. exf5 Nd5 19. Qxe6+ Kh8 20. Qe4 Qd7 21. hxg6
Nb4 22. Qe2 Rae8 23. Qd2 Nxd3 24. Qxd3 Re7 25. Rxe7 Qxe7 26. Qe3 Qh4 27. Nf3
Qg4 28. Re1 h5 29. Nh2 Qh4 30. Qe7 Rf6 31. Qxc7 Bd5 32. Re8+ 1-0

[Event "I Memorial Oliver Gonzalez Somoza"]
[Site "Madrid ESP"]
[Date "2010.10.15"]
[Round "7.44"]
[White "Nieto Esteban, Manuel"]
[Black "Lara Granero, Bio"]
[Result "0-1"]
[WhiteElo "1823"]
[BlackElo "2036"]
[PlyCount "64"]
[EventDate "2010.10.09"]
[EventType "swiss"]
[EventRounds "9"]
[EventCountry "ESP"]
[Source "lmi"]
[SourceDate "2010.10.09"]

1. e4 c5 2. Nf3 Nc6 3. d4 cxd4 4. Nxd4 e5 5. Nb3 a6 6. Be2 Nf6 7. Nc3 b5 8. Bg5
Be7 9. Bxf6 Bxf6 10. Nd5 Bg5 11. O-O O-O 12. a4 bxa4 13. Rxa4 d6 14. Qa1 f5 15.
f3 Ne7 16. Bc4 Kh8 17. Nxe7 Qxe7 18. Bd5 Rb8 19. Na5 Qc7 20. Nc4 Bd7 21. Ra5
Bb5 22. b3 fxe4 23. Bxe4 d5 24. Bxd5 Qc5+ 25. Kh1 Qxd5 26. Rd1 Qe6 27. Qxe5
Bxc4 28. Qxg5 Qe2 29. Qd2 Rbd8 30. Qxd8 Rxd8 31. Rxd8+ Bg8 32. h3 Qe1+ 0-1

[Event "I Memorial Oliver Gonzalez Somoza"]
[Site "Madrid ESP"]
[Date "2010.10.15"]
[Round "7.45"]
[White "Vargas Huamani, Juan C"]
[Black "Montoya Pecurul, Marc"]
[Result "1-0"]
[WhiteElo "2013"]
[BlackElo "1629"]
[PlyCount "75"]
[EventDate "2010.10.09"]
[EventType "swiss"]
[EventRounds "9"]
[EventCountry "ESP"]
[Source "lmi"]
[SourceDate "2010.10.09"]

1. e4 e5 2. Nf3 Nc6 3. d4 exd4 4. Nxd4 Bc5 5. Be3 Bb6 6. c3 Nge7 7. Bc4 O-O 8.
O-O Na5 9. Be2 d5 10. Nd2 f5 11. exf5 Nxf5 12. Nxf5 Bxf5 13. Bxb6 axb6 14. b4
Nc6 15. Nf3 Be4 16. Nd4 Qf6 17. Nb5 Qg5 18. f3 Qe3+ 19. Kh1 Bg6 20. Re1 Kh8 21.
Nxc7 Rac8 22. Nxd5 Qg5 23. Nxb6 Rcd8 24. Qc1 Qh4 25. Bb5 Rf5 26. Re4 Qf2 27.
Bxc6 Qxb6 28. Ba4 Rfd5 29. Qe3 Qa6 30. b5 Qa5 31. Rf4 h6 32. Bb3 Rxb5 33. Re1
Re8 34. Qxe8+ Bxe8 35. Rxe8+ Kh7 36. Bc2+ Rf5 37. Rxf5 Qxc3 38. Rc5+ 1-0

[Event "I Memorial Oliver Gonzalez Somoza"]
[Site "Madrid ESP"]
[Date "2010.10.15"]
[Round "7.46"]
[White "Martinez Martinez, Antonio"]
[Black "Panero Cabero, Gregorio"]
[Result "1-0"]
[WhiteElo "1695"]
[BlackElo "1936"]
[PlyCount "100"]
[EventDate "2010.10.09"]
[EventType "swiss"]
[EventRounds "9"]
[EventCountry "ESP"]
[Source "lmi"]
[SourceDate "2010.10.09"]

1. e4 e6 2. d4 d5 3. e5 c5 4. c3 Qb6 5. Nf3 Nc6 6. a4 Bd7 7. b3 Nge7 8. Be3 Nf5
9. Bb5 cxd4 10. cxd4 Bb4+ 11. Nbd2 Ncxd4 12. Bxd7+ Kxd7 13. O-O Nxe3 14. fxe3
Nf5 15. Nc4 Qd8 16. e4 Ne7 17. Ng5 Qc7 18. Nxf7 Rhf8 19. Ncd6 Nc8 20. Rc1 Qb6+
21. Kh1 Nxd6 22. exd6 Bxd6 23. exd5 Rac8 24. dxe6+ Ke7 25. Qd2 h6 26. Rce1 Qb4
27. Qd3 Rc3 28. Qg6 Qh4 29. Nxd6 Rxf1+ 30. Rxf1 Kxd6 31. Rd1+ Kc5 32. Qf5+ Kb4
33. Qf8+ Kxb3 34. e7 Re3 35. e8=Q Rxe8 36. Qxe8 Qc4 37. Qb5+ Qxb5 38. axb5 Kb4
39. Rb1+ Kc5 40. Kg1 g6 41. Kf2 a5 42. Ke3 Kc4 43. Ke4 a4 44. Ke5 a3 45. Kd6 a2
46. Ra1 Kxb5 47. Rxa2 Kc4 48. Ke5 b5 49. Kf6 b4 50. Kxg6 b3 1-0